| 000 | 01205nam a2200301Ia 4500 | ||
|---|---|---|---|
| 001 | ebr10306283 | ||
| 003 | CaPaEBR | ||
| 006 | m u | ||
| 007 | cr cn||||||||| | ||
| 008 | 020307s2001 ph a s 001 0 eng d | ||
| 020 | _z929061157X | ||
| 020 | _z9789290611578 | ||
| 040 |
_aCaPaEBR _cCaPaEBR |
||
| 035 | _a(OCoLC)732955740 | ||
| 050 | 1 | 4 |
_aQ175 _b.H43 2001eb |
| 245 | 0 | 0 |
_aHealth research methodology _h[electronic resource] : _ba guide for training in research methods. |
| 250 | _a2nd ed. | ||
| 260 |
_aManila, Philippines : _bWHO Regional Office for the Western Pacific, _c2001. |
||
| 300 |
_aix, 237 p. : _bill. |
||
| 500 | _aIncludes index. | ||
| 533 |
_aElectronic reproduction. _bPalo Alto, Calif. : _cebrary, _d2009. _nAvailable via World Wide Web. _nAccess may be limited to ebrary affiliated libraries. |
||
| 650 | 0 |
_aMedicine _xResearch _xMethodology. |
|
| 650 | 0 |
_aScience _xMethodology. |
|
| 655 | 7 |
_aElectronic books. _2local |
|
| 710 | 2 |
_aWorld Health Organization. _bRegional Office for the Western Pacific. |
|
| 710 | 2 | _aebrary, Inc. | |
| 856 | 4 | 0 |
_uhttp://site.ebrary.com/lib/rucke/Doc?id=10306283 _zAn electronic book accessible through the World Wide Web; click to view |
| 999 |
_c61159 _d61159 |
||